Omdisa Importadora Centroamericana S.A (Registro nro. 11205)

Detalles MARC
000 -LEADER
fixed length control field 00565nmm a22002177a 4500
005 - DATE AND TIME OF LATEST TRANSACTION
control field 20180928175742.0
008 - FIXED-LENGTH DATA ELEMENTS--GENERAL INFORMATION
fixed length control field 180928b xxu||||| |||| 00| 0 spa d
041 ## - LANGUAGE CODE
Language code of text/sound track or separate title SPA
082 ## - DEWEY DECIMAL CLASSIFICATION NUMBER
Classification number DE 202
100 ## - MAIN ENTRY--AUTHOR NAME
Personal name Barboza, Jimena
245 ## - TITLE STATEMENT
Title Omdisa Importadora Centroamericana S.A
260 ## - PUBLICATION, DISTRIBUTION, ETC. (IMPRINT)
Year of publication 2017
650 ## - SUBJECT ADDED ENTRY--TOPICAL TERM
Topical Term COSTA RICA
650 ## - SUBJECT ADDED ENTRY--TOPICAL TERM
Topical Term ADMINISTRACIÓN DE EMPRESAS
650 ## - SUBJECT ADDED ENTRY--TOPICAL TERM
Topical Term PRODUCTOS
650 ## - SUBJECT ADDED ENTRY--TOPICAL TERM
Topical Term VENTAS
650 ## - SUBJECT ADDED ENTRY--TOPICAL TERM
Topical Term MINORISTAS
650 ## - SUBJECT ADDED ENTRY--TOPICAL TERM
Topical Term CLIENTES
650 ## - SUBJECT ADDED ENTRY--TOPICAL TERM
Topical Term ARTÍCULOS PLÁSTICOS
942 ## - ADDED ENTRY ELEMENTS (KOHA)
Tipo de ítem Informe de Práctica
Existencias
Withdrawn status Estado Estado físico Not for loan Precio de compra Total Checkouts Clasificación Número de inscripción Date last seen Price effective from Tipo de ítem
        62720.00   DE 202 DE202 28/09/2018 28/09/2018 Informe de Práctica